00920nam a2200229 a 4500001000800000005001700008008004100025020001500066040001800081050002200099245005200121260004300173300004700216500011400263500009100377600005600468650003400524650003800558653003800596700001800634710003800652BRCA_2320190320202840.0970619s1997 mx-a---##b---#000-0#spa-# a968299876X aDLCcDLCdDLC 4aNE2314b.G83 199710aEl escenario urbano de Pedro Gualdib1808-1857. aMéxicobMuseo Nacional de Artec1997 a107, [2] p.bil. (algunas a color)c32 cm. aCatálogo de la exposición realizada en el Museo Nacional de Arte (Ciudad de México), abril-junio, 1997. aIncluye catálogo de obras, índice de ilustraciones y referencias bibliográficas.14aGualdi, Pedrod1808-1857vCatálogosxExposiciones14aPintoresySiglo XIXzMéxico14aLitografíaySiglo XIXzMéxico0 aLitografía mexicana - Siglo XIX1 aGualdi, Pedro2 aMuseo Nacional de Arte (México)